市の名前が入る駅(北陸・甲信越) - Statistics

General Stats
  • This quiz has been taken 40 times
  • The average score is 161 of 327
Answer Stats
Hint Hint Answer % Correct
新潟 新潟 新潟
97%
長岡 新潟 長岡
97%
三条 | 燕 新潟 燕三条
90%
加茂 三重 | 京都 | 新潟 加茂
90%
新潟
90%
三条 京都 | 新潟 | 香川 三条
87%
柏崎 新潟 柏崎
87%
新発田 新潟 新発田
87%
村上 千葉 | 新潟 村上
87%
糸魚川 新潟 糸魚川
87%
上越 | 妙高 新潟 上越妙高
87%
小千谷 新潟 小千谷
84%
見附 新潟 見附
84%
五泉 新潟 五泉
84%
小松 石川 小松
84%
十日町 新潟 十日町
81%
妙高 新潟 妙高高原
81%
富山 富山 富山
81%
高岡 富山 新高岡
81%
滑川 富山 滑川
81%
黒部 富山 黒部
81%
金沢 石川 金沢
81%
福井 岡山 | 福井 福井
81%
新潟 新潟 東新潟
77%
長岡 京都 長岡京
77%
三条 新潟 東三条
77%
新発田 新潟 西新発田
77%
魚津 富山 魚津
77%
氷見 富山 氷見
77%
黒部 富山 黒部宇奈月温泉
77%
七尾 石川 七尾
77%
加賀 石川 加賀温泉
77%
敦賀 福井 敦賀
77%
小浜 福井 小浜
77%
勝山 福井 勝山
77%
鯖江 福井 鯖江
77%
越前 福井 越前たけふ
77%
甲府 山梨 甲府
77%
大月 山梨 大月
77%
韮崎 山梨 韮崎
77%
松本 長野 松本
77%
上田 長野 上田
77%
飯田 長野 飯田
77%
新潟 新潟 新潟大学前
74%
三条 新潟 北三条
74%
見附 東京 赤坂見附
74%
新潟 西燕
74%
高岡 富山 高岡
74%
金沢 神奈川 金沢文庫
74%
金沢 石川 西金沢
74%
白山 新潟 | 東京 | 香川 白山
74%
大野 福島 大野
74%
都留 山梨 都留市
74%
上野原 山梨 上野原
74%
長野 長野 長野
74%
柏崎 新潟 東柏崎
71%
五泉 新潟 北五泉
71%
砺波 富山 砺波
71%
金沢 石川 東金沢
71%
羽咋 石川 羽咋
71%
野々市 石川 野々市
71%
大野 | 越前 福井 越前大野
71%
山梨 山梨 山梨市
71%
松本 長野 南松本
71%
飯田 東京 飯田橋
71%
小諸 長野 小諸
71%
中野 東京 | 群馬 | 長野 中野
71%
茅野 長野 茅野
71%
塩尻 長野 塩尻
71%
佐久 北海道 佐久
71%
佐久 長野 佐久平
71%
長岡 新潟 北長岡
68%
富山 富山 東富山
68%
魚津 富山 西魚津
68%
滑川 富山 東滑川
68%
長野 大阪 河内長野
68%
松本 長野 北松本
68%
諏訪 長野 上諏訪
68%
諏訪 長野 下諏訪
68%
諏訪 長崎 諏訪
68%
須坂 長野 須坂
68%
伊那 長野 伊那市
68%
大町 佐賀 | 北海道 | 千葉 | +3 others 大町
68%
飯山 長野 飯山
68%
千曲 長野 千曲
68%
長岡 滋賀 近江長岡
65%
長岡 高知 土佐長岡
65%
富山 富山 西富山
65%
富山 富山 南富山
65%
金沢 神奈川 金沢八景
65%
敦賀 福井 西敦賀
65%
甲府 山梨 南甲府
65%
中央 鹿児島 鹿児島中央
65%
岡谷 長野 岡谷
65%
駒ヶ根 長野 駒ヶ根
65%
大町 長野 信濃大町
65%
長岡 静岡 伊豆長岡
61%
三条 京都 三条京阪
61%
黒部 富山 電鉄黒部
61%
黒部 富山 新黒部
61%
小松 徳島 南小松島
61%
小松 愛媛 伊予小松
61%
小浜 福井 東小浜
61%
鯖江 福井 北鯖江
61%
中央 青森 中央弘前
61%
中央 群馬 中央前橋
61%
長野 群馬 長野原草津口
61%
長野 長野 北長野
61%
上田 長野 西上田
61%
中野 東京 東中野
61%
中野 長野 信州中野
61%
富山 富山 電鉄富山
58%
魚津 富山 電鉄魚津
58%
滑川 富山 西滑川
58%
鯖江 福井 西鯖江
58%
越前 福井 越前花堂
58%
坂井 愛知 小坂井
58%
都留 山梨 都留文科大学前
58%
甲州 東京 甲州街道
58%
加茂 徳島 阿波加茂
55%
金沢 石川 新西金沢
55%
羽咋 石川 南羽咋
55%
能美 石川 能美根上
55%
大野 神奈川 相模大野
55%
勝山 千葉 安房勝山
55%
山梨 山梨 東山梨
55%
中央 宮城 泉中央
55%
中央 大阪 和泉中央
55%
長岡 京都 長岡天神
52%
加茂 高知 土佐加茂
52%
富山 富山 富山大学前
52%
魚津 富山 新魚津
52%
氷見 愛媛 伊予氷見
52%
小松 山形 羽前小松
52%
加賀 大阪 北加賀屋
52%
福井 福井 新福井
52%
勝山 岡山 中国勝山
52%
坂井 愛知 西小坂井
52%
中央 千葉 千葉中央
52%
松本 長野 西松本
52%
松本 三重 伊勢松本
52%
小諸 長野 東小諸
52%
中野 東京 中野坂上
52%
大町 長野 南大町
52%
大町 長野 北大町
52%
飯山 長野 北飯山
52%
富山 富山 新富山口
48%
富山 富山 富山駅
48%
富山 富山 南富山駅前
48%
高岡 富山 西高岡
48%
金沢 山形 羽前金沢
48%
金沢 石川 北鉄金沢
48%
福井 徳島 阿波福井
48%
中央 岩手 紫波中央
48%
長野 秋田 羽後長野
48%
中野 東京 中野富士見町
48%
甲斐 山梨 甲斐大和
45%
中央 鹿児島 鹿児島中央駅前
45%
長野 佐賀 肥前長野
45%
飯田 愛知 上飯田
45%
須坂 長野 北須坂
45%
伊那 長野 伊那松島
45%
柏崎 三重 伊勢柏崎
42%
加茂 埼玉 加茂宮
42%
高岡 富山 高岡やぶなみ
42%
高岡 兵庫 播磨高岡
42%
小松 滋賀 北小松
42%
野々市 石川 野々市工大前
42%
大野 福井 北大野
42%
大野 愛知 大野町
42%
大野 福岡 大野城
42%
あわら 福井 あわら湯のまち
42%
越前 東京 三越前
42%
中央 埼玉 伊奈中央
42%
中央 千葉 千葉ニュータウン中央
42%
中央 神奈川 中央林間
42%
中央 大阪 千里中央
42%
中野 東京 中野新橋
42%
中野 広島 安芸中野
42%
高岡 富山 高岡駅
39%
滑川 富山 中滑川
39%
福井 福井 福井口
39%
福井 福井 福大前西福井
39%
福井 福井 福井駅
39%
中央 神奈川 横須賀中央
39%
中央 神奈川 いずみ中央
39%
長野 福島 会津長野
39%
飯田 神奈川 下飯田
39%
中野 千葉 上総中野
39%
中野 東京 新中野
39%
中野 富山 西中野
39%
中野 広島 中野東
39%
飯山 千葉 飯山満
39%
富山 富山 トヨタモビリティ富山Gスクエア五福前
39%
加茂 岡山 美作加茂
35%
富山 富山 電鉄富山駅・エスタ前
35%
大野 愛知 三河大野
35%
甲斐 山梨 甲斐小泉
35%
甲斐 山梨 甲斐大泉
35%
中央 北海道 発寒中央
35%
中央 埼玉 三郷中央
35%
中央 長崎 佐世保中央
35%
松本 長野 北新・松本大学前
35%
飯田 佐賀 肥前飯田
35%
諏訪 大阪 諏訪ノ森
35%
伊那 長野 伊那大島
35%
伊那 長野 伊那北
35%
中野 岩手 陸中中野
35%
魚沼 新潟 魚沼田中
32%
魚沼 新潟 魚沼丘陵
32%
富山 宮城 陸前富山
32%
高岡 三重 川合高岡
32%
加賀 石川 加賀笠間
32%
大野 広島 大野浦
32%
越前 福井 越前下山
32%
大月 山梨 上大月
32%
中央 東京 中央大学・明星大学
32%
中央 兵庫 西神中央
32%
須坂 栃木 蒲須坂
32%
中野 大阪 駒川中野
32%
村上 千葉 上総村上
29%
上越 新潟 上越国際スキー場前
29%
魚沼 新潟 魚沼中条
29%
福井 福井 福井城址大名町
29%
大野 埼玉 大野原
29%
甲斐 山梨 甲斐岩間
29%
甲斐 山梨 甲斐上野
29%
中央 北海道 月寒中央
29%
中央 広島 伴中央
29%
諏訪 愛知 諏訪町
29%
伊那 長野 伊那福岡
29%
中野 神奈川 中野島
29%
中野 大阪 針中野
29%
佐久 静岡 佐久間
29%
三条 京都 西大路三条
26%
富山 富山 オークスカナルパークホテル富山前
26%
富山 富山 龍谷富山高校前
26%
小松 静岡 遠州小松
26%
中央 千葉 八千代中央
26%
中央 大阪 高井田中央
26%
中央 兵庫 ウッディタウン中央
26%
伊那 長野 伊那上郷
26%
中野 宮城 中野栄
26%
小松 秋田 小松川
23%
大野 千葉 市川大野
23%
越前 福井 越前薬師
23%
越前 福井 越前田野
23%
越前 福井 越前富田
23%
甲斐 山梨 甲斐大島
23%
甲斐 山梨 甲斐常葉
23%
中央 栃木 ゆいの杜中央
23%
中央 神奈川 港南中央
23%
中央 兵庫 日生中央
23%
中央 兵庫 中央市場前
23%
中央 福岡 新宮中央
23%
上田 長野 上田原
23%
伊那 長野 伊那田島
23%
白山 山形 面白山高原
19%
小浜 島根 戸田小浜
19%
大野 新潟 頸城大野
19%
大野 奈良 室生口大野
19%
越前 福井 越前東郷
19%
越前 福井 越前高田
19%
越前 福井 越前大宮
19%
越前 福井 越前開発
19%
越前 福井 越前新保
19%
越前 福井 越前島橋
19%
中央 北海道 中央区役所前
19%
中央 北海道 中央図書館前
19%
伊那 長野 伊那小沢
19%
伊那 長野 伊那八幡
19%
伊那 長野 伊那本郷
19%
伊那 長野 伊那新町
19%
中野 青森 小中野
19%
大町 宮城 大町西公園
19%
佐久 静岡 浜名湖佐久米
19%
佐久 高知 土佐久礼
19%
加茂 和歌山 加茂郷
16%
加茂 徳島 三加茂
16%
白山 岐阜 白山長滝
16%
大野 秋田 大野台
16%
甲斐 山梨 甲斐住吉
16%
中央 神奈川 並木中央
16%
諏訪 青森 諏訪ノ平
16%
諏訪 富山 諏訪川原
16%
佐久 長野 佐久海ノ口
16%
加茂 岐阜 加茂野
13%
白山 神奈川 目白山下
13%
大野 茨城 鹿島大野
13%
大野 熊本 大野下
13%
越前 福井 越前野中
13%
越前 福井 越前竹原
13%
中央 北海道 中央病院前
13%
中央 静岡 美薗中央公園
13%
中央 愛知 碧南中央
13%
中央 三重 北勢中央公園口
13%
中央 岡山 東中央町
13%
中野 長野 中野松川
13%
加茂 島根 加茂中
10%
中央 栃木 平石中央小学校前
10%
飯田 神奈川 飯田岡
10%
諏訪 長崎 諏訪神社
10%
中野 岩手 陸中野田
10%
中野 群馬 本中野
10%
佐久 長野 佐久広瀬
10%
勝山 愛媛 勝山町
6%
中央 福岡 須恵中央
6%
上田 熊本 上田浦
3%
No matching quizzes found
Score Distribution
Percent of People with Each Score
Percentile by Number Answered
Your Score History
You have not taken this quiz